000 00514nam a2200181Ia 4500
001 21277
005 20260306172907.0
008 260306t2015||||xx |||||||||||||| ||spa||
041 _aESP
082 _a344.522
_bG71
100 _aGonzález Guerra, Carlos M.
_eAUT
245 0 _aDelitos contra la libertad sexual:
_bdelimitación de la intimidación o amenaza como medio coactivo
260 _c2015
300 _axxxiii, 394 páginas :
_c23 cm.
650 _aGEN
654 _aCDE
942 _cLIB
_dJUS
_fJUS
_2ddc
_n
999 _c21277
_d21277